|
|
|
|
| LEADER |
00000nab a2200000uu 4500 |
| 001 |
vtls010899465 |
| 003 |
SK-MaSNL |
| 005 |
20260303141528.0 |
| 008 |
230222|2007 xo |||||||||||||||||eng| |
| 015 |
|
|
|a SNBRB
|
| 035 |
|
|
|a (urnnbn)urn:nbn:sk:snk:ar-a07h2q
|
| 035 |
|
|
|a (uuid)1cc71d2f-9c76-46c7-b6cf-fe24c9ad09d5
|
| 035 |
|
|
|a urn:nbn:sk:snk-ab8rf3
|
| 040 |
|
|
|a SNKBUCL
|b slo
|c SNKBUCL
|e AACR2
|
| 041 |
0 |
|
|a eng
|
| 044 |
|
|
|a xo
|c SK
|
| 100 |
1 |
|
|a Arabuli, A.
|4 aut
|9 1161187
|
| 245 |
1 |
0 |
|a APPLICATION OF THE LONGITUDINAL RESONANCE VIBRATION METHOD FOR AN INVESTIGATION OF A TEXTILE'S VISCO-ELASTIC PROPERTIES
|c A. Arabuli, S. Bereznenko, S. Kovtun, V. Vlasenko
|
| 700 |
1 |
|
|a Bereznenko, S.
|4 aut
|9 1161188
|
| 700 |
1 |
|
|a Kovtun, S.
|4 aut
|9 1161189
|
| 700 |
1 |
|
|a Vlasenko, V.
|4 aut
|9 1161157
|
| 773 |
0 |
|
|t Vlákna a textil
|g Roč. 14, č. 2 (2007), s. 11-14
|
| 958 |
|
|
|a OND
|
| 958 |
|
|
|a EUIPO
|
| 958 |
|
|
|a article10
|
| 999 |
|
|
|c 1976913
|d 1978843
|